№ 1/2; Общество и экономика

Dades bibliogràfiques
Parent link:Общество и экономика: международный научный и общественно-политический журнал. № 1/2.— , 1992-.— 0207-3676
Idioma:rus
Publicat: 1996
Format: MixedMaterials Llibre
KOHA link:https://koha.lib.tpu.ru/cgi-bin/koha/opac-detail.pl?biblionumber=502277

MARC

LEADER 00000nam2a2200000 4500
001 502277
005 20231101102325.0
035 |a (RuTPU)RU\TPU\prd\172798 
035 |a RU\TPU\prd\172788 
090 |a 502277 
100 |a 20130327a19969999km y0rusy50 ca 
101 0 |a rus 
102 |a RU 
200 0 |a № 1/2 
210 |d 1996 
461 1 |0 (RuTPU)RU\TPU\prd\1657  |x 0207-3676  |t Общество и экономика  |o международный научный и общественно-политический журнал  |v № 1/2  |d 1992- 
801 0 |a RU  |b 63413507  |c 20010227  |g PSBO 
801 1 |a RU  |b 63413507  |c 20130214 
801 2 |a RU  |b 63413507  |c 20130327  |g RCR 
942 |c BK 
999 |a НТБ_ТПУ  |b НФ  |e -4/20130109  |p П-701э  |u 0,00  |v 1